Top 10 Most Famous U.S States - Statistics

General Stats
  • This quiz has been taken 150 times
    50 since last reset
  • The average score is 5 of 10
Answer Stats
% State % Correct
93 New York
100%
96 California
95%
94 Florida
88%
95 Texas
83%
91 Washington
45%
83 Nevada
33%
89 Alaska
21%
82 New Mexico
5%
83 Alabama
2%
82 North Dakota
0%
No matching quizzes found
Score Distribution
Percent of People with Each Score
Percentile by Number Answered
Your Score History
You have not taken this quiz since the last reset